Movies Quiz

Random Movies or Actor Quiz

Candy or Goodman? Quiz Stats

Quiz Updated Aug 19, 2013

Also try: Teddy or FDR?
Challenge
Share
Tweet
Embed
Score 0/31 Timer 03:00
0 Plays Today
Movie John... % Correct
The Flintstones???
95.5%
Planes, Trains & Automobiles???
95.2%
Uncle Buck???
94%
The Big Lebowski???
92.2%
Cool Runnings???
89.1%
King Ralph???
87.8%
The Great Outdoors???
86.5%
Spaceballs???
84.4%
Stripes???
80.1%
The Babe???
78.1%
Brewster's Millions???
76.1%
Home Alone???
76%
Barton Fink???
73.8%
Arachnophobia???
71.7%
Raising Arizona???
71.4%
The Blues Brothers 2000???
70.9%
Movie John... % Correct
The Big Easy???
70.8%
Wagons East!???
70.2%
Born Yesterday???
69%
Matinee???
65.1%
Only the Lonely???
64.4%
Little Shop of Horrors???
63.1%
Sea of Love???
62.3%
Rookie of the Year???
58.8%
1941???
56.7%
The Blues Brothers???
54.2%
Jailbait Babysitter???
50.3%
Punchline???
49.9%
Revenge of the Nerds???
49.7%
Once Upon a Crime...???
46.8%
JFK???
25.6%

You're not logged in!

Compare scores with friends on all Sporcle quizzes.
Join for Free
OR
Log In

You Might Also Like...

Show Comments

Extras

Top Quizzes Today


Score Distribution

Your Account Isn't Verified!

In order to create a playlist on Sporcle, you need to verify the email address you used during registration. Go to your Sporcle Settings to finish the process.

Report this User

Report this user for behavior that violates our Community Guidelines.

Details: